Regiunile istorice ale României - Statistics

General Stats
  • This quiz has been taken 16 times
  • The average score is 8 of 9
Answers on the Map
Answers color-coded by a green-red scale on the quiz's map according to % correct below.
 
Answer Stats
Regiune istorică Capitala % Correct
Banat Timișoara
100%
Moldova Suceava, Iași
100%
Bucovina Cernăuți [Flag_of_Ukraine.svg]
86%
Muntenia Târgoviște
86%
Oltenia Craiova
86%
Transilvania Cluj-Napoca, Alba Iulia, Sibiu
86%
Crișana Oradea
71%
Dobrogea Constanța
71%
Maramureș Baia Mare
71%
No matching quizzes found
Score Distribution
Percent of People with Each Score
Percentile by Number Answered
Your Score History
You have not taken this quiz